| 000 | 01495nam a2200193Ia 4500 | ||
|---|---|---|---|
| 008 | 220216s9999 xx 000 0 und d | ||
| 100 | _aSharma G | ||
| 245 | 0 | _aTransformation of traditional agriculture to commercial agriculture: A case study of natural rubber in Tripura | |
| 260 |
_bRubber Science _c2017 |
||
| 300 | _a140-147 | ||
| 520 | _aAlthough Indian economy is growing rapidly, however there has been widening of income disparity in the society. The present study highlights the relevance of comprehensive policy approaches in transformation of the exonomically and socially marginalized groups engaged in Jhumming to commercial cultivation of natural rubber (NR) in Tripura. The better livelihood pattern of the NR growers has been reflected in terms of self-sustaining occupational shift. The previous land use pattern of the surveyed NR cultivators revealed that majority of the area presently under NR cultivation was previously barren land (66;). The study suggests replication of the NR model in North and Dahalai districts of Tripura. This success model of Tripura could also be replicated in other regions of the country having similar socio-economic and agro-climatic conditions to ensure rural upliftment and livelihood security of rural peasantry. | ||
| 650 | _aEconomically and socially marginalized groups (ESMG) | ||
| 650 | _aJhum | ||
| 650 | _aLand use pattern | ||
| 650 | _aLivelihood security | ||
| 650 | _aNatural rubber | ||
| 700 | _aDey S K | ||
| 942 | _cJS | ||
| 999 |
_c71480 _d71480 |
||